[Event "Adygea rapid op"]
[Site "Maikop"]
[Date "2019.05.02"]
[Round "1"]
[White "Arefyev, Vadim"]
[Black "Eraschenkov, Denis"]
[Result "0-1"]
[WhiteElo "1954"]
[BlackElo "2391"]
[PlyCount "36"]
[EventDate "2019.05.02"]
[EventType "swiss (rapid)"]
[EventRounds "9"]
[EventCountry "RUS"]
[SourceTitle "CBM 190 Extra"]
[Source "ChessBase"]
[SourceDate "2019.07.15"]
[SourceVersion "1"]
[SourceVersionDate "2019.07.15"]
[SourceQuality "1"]

1. e4 c5 2. Nc3 a6 3. a4 e6 4. Nge2 Nc6 5. g3 d5 6. exd5 exd5 7. d4 Bg4 8. Qd3 Nb4 9. Qd2 Bf5 10. Qf4 Bg6 11. Kd1 Bd6 12. Qf3 Bxc2+ 13. Kd2 Nf6 14. Bh3 0-0 15. Re1 Ne4+ 16. Nxe4 dxe4 17. Qe3 cxd4 18. Nxd4 Be5 0-1